NO BUSINESS OF MINE (Record no. 3833)

MARC details
000 -LEADER
fixed length control field 00327nam a2200133Ia 4500
008 - FIXED-LENGTH DATA ELEMENTS--GENERAL INFORMATION
fixed length control field 240624s9999 xx 000 0 und d
041 ## - LANGUAGE CODE
Language code of text/sound track or separate title eng
082 ## - DEWEY DECIMAL CLASSIFICATION NUMBER
Classification number 823 CHA
100 ## - MAIN ENTRY--PERSONAL NAME
Personal name CHASE JAMES HADLEY
245 ## - TITLE STATEMENT
Title NO BUSINESS OF MINE
260 ## - PUBLICATION, DISTRIBUTION, ETC.
Date of publication, distribution, etc. 2006
Place of publication, distribution, etc. Bangalore
Name of publisher, distributor, etc. Master Mind Books
300 ## - PHYSICAL DESCRIPTION
Extent 191 : p. : cm. ; 17
365 ## - TRADE PRICE
Currency code RS
Holdings
Withdrawn status Lost status Damaged status Not for loan Home library Current library Shelving location Date acquired Source of acquisition Cost, normal purchase price Total Checkouts Total Holds Full call number Barcode Date due Date last seen Date last checked out Copy number Price effective from Koha item type
        IMTN IMTN Rack 40-A 09/08/2006 WBD 75.00 5 671 823 CHA 3833 01/26/2026 01/16/2026 01/16/2026 1 06/24/2024 Books
Designed & Maintained by: LRC IMT Nagpur Contact: lrc@imtnag.ac.in© 2024. All Rights Reserved.